000
00326nam a22001337a 4500
008
171025b xxu||||| |||| 00| 0 eng d
020
_a
9781884585593
041
_a
eng
080
_2
3 ED
_a
311
100
_a
55
101
_a
STA
245
_a
ADVANCED MULTIVARIATE STATISTICS METHODS
_c
MERTLER.C.A
942
_2
udc
_c
BK
999
_c
35861
_d
35861